Paroles de "Heigh-Ho" (Blanche-Neige et les Sept Nains) - Statistiques

Statistiques générales
  • Ce quiz a été pris 68 fois
  • Le résultat moyen est 142 sur 213
Statistiques - réponses
Paroles % Correct
d’
100%
Du
100%
du
100%
boulot!
98%
On
98%
on
98%
rentre
98%
Ho...
90%
Ho,
90%
Ho!
90%
Ho,...
90%
Heigh-
86%
l’
66%
la
63%
mine,
61%
mine...
61%
pioche
61%
le
56%
Dans
51%
dans
51%
de
51%
tac,
49%
tac
49%
tac.
49%
tic-
49%
au
44%
soir.
44%
diamants
42%
les
42%
matin
42%
ce
41%
jour
41%
jusqu'
41%
Et
37%
que
37%
Tout
37%
un
34%
ou
31%
31%
par
31%
entier.
29%
Si
29%
monde
27%
nous
27%
peut
27%
Pour
27%
roche,
27%
rubis
27%
voir.
25%
Notre
24%
Pas
24%
Piocher,
24%
bien
22%
sacs
22%
brille !
20%
quintaux,
20%
terre
20%
ces
19%
malin
19%
sans
19%
être
17%
préféré.
17%
jeu
14%
sont
14%
trésors,
14%
valeur
14%
enfin
12%
monceaux,
12%
riche
12%
Aucun quiz correspondant
Distribution des résultats
% des personnes avec chaque résultat
Percentile par nombre de réponses
Votre historique - résultats
Vous n’avez pas pris ce quiz